| 000 | 00812cab a2200241 4500 | ||
|---|---|---|---|
| 001 | ABS59001 | ||
| 008 | 090401t1998 xxu||||| |||| 00| 0 eng d | ||
| 035 | _a(Sirsi) u87339 | ||
| 041 | _aeng | ||
| 245 | _aBreaking the mould | ||
| 260 | _c1998 | ||
| 350 | _a0 | ||
| 490 |
_aBuilding _v263(8045) 26 June 1998, 54-59(4) |
||
| 520 | _aComments on the redevelopment of a central office block in Leeds which makes use of black granite, precast concrete panels and a glazed central section, in contrast to the red-brick recent developments. Includes cost study and floor plan. | ||
| 650 | _aCONCRETE PANELS | ||
| 650 | _aCOSTS | ||
| 650 | _aOFFICE DEVELOPMENT | ||
| 650 | _aSHELL AND CORE | ||
| 650 | _aSTEEL FRAME | ||
| 690 | _aBUILDING AND CONSTRUCTION-PROJECTS | ||
| 942 | _n0 | ||
| 948 | _c10/07/1998 | ||
| 999 |
_c55091 _d55091 |
||